000 01089 a2200253 4500
999 _c5596
_d5596
020 _a1856493512
020 _a1856493520 (pbk.)
050 0 0 _aRA440.85PAR1996
245 0 0 _aParticipatory research in health :
_bissues and experiences /
_cedited by Korrie de Koning and Marion Martin.
264 _aLondon:
_bNPPHCN,
_c1996
300 _axii, 242 p. :
_bill., maps
500 _aincludes index
504 _aIncludes bibliographical references and index.
650 0 _aPublic health
_xResearch
_xCitizen participation.
650 0 _aPublic health
_xResearch
_xSocial aspects.
650 0 _aPublic health
_xFieldwork.
650 0 _aPublic health
_xResearch
_xCitizen participation
700 1 _aKoning, Korrie de,
_d1950-
700 1 _aMartin, Marion,
_d1948-
856 4 2 _3Publisher description
_uhttp://www.loc.gov/catdir/description/hol055/95041659.html
856 4 1 _3Table of contents
_uhttp://www.loc.gov/catdir/toc/hol052/95041659.html
942 _2lcc
_cBK
_h440.85
_iPAR
_k1996